000
00307nas a22001337a 4500
003
OSt
005
20240514153930.0
008
240514b |||||||| |||| 00| 0 eng d
022
_a
0377-7537
040
_c
MRSPTU
245
_a
Man Made Textiles In India
260
_a
Mumbai
_b
SASMIRA
942
_2
ddc
_c
PR
_n
0
_s
1
999
_c
10275
_d
10275